Plants / : (Record no. 112249)
[ view plain ]
| 000 -LEADER | |
|---|---|
| fixed length control field | 00439nam a2200169 a 4500 |
| 001 - CONTROL NUMBER | |
| control field | 3952 |
| 005 - DATE AND TIME OF LATEST TRANSACTION | |
| control field | 20140414131932.0 |
| 008 - FIXED-LENGTH DATA ELEMENTS--GENERAL INFORMATION | |
| fixed length control field | 040107s19uu xx 00 eng d |
| 020 ## - INTERNATIONAL STANDARD BOOK NUMBER | |
| International Standard Book Number | 1-902947-74-6 |
| 050 ## - LIBRARY OF CONGRESS CALL NUMBER | |
| Classification number | REF 581 |
| Item number | F23 2003 |
| 100 ## - MAIN ENTRY--PERSONAL NAME | |
| Personal name | Farndon, John |
| 245 ## - TITLE STATEMENT | |
| Title | Plants / : |
| Statement of responsibility, etc | John Farndon. |
| Remainder of title | 1000 things you should know about / |
| 260 ## - PUBLICATION, DISTRIBUTION, ETC. (IMPRINT) | |
| Name of publisher, distributor, etc | Miles Kelly, |
| Date of publication, distribution, etc | 2000. |
| 300 ## - PHYSICAL DESCRIPTION | |
| Extent | 61 p. ; cm. |
| 650 ## - SUBJECT ADDED ENTRY--TOPICAL TERM | |
| Topical term or geographic name as entry element | Plants |
| Withdrawn status | Lost status | Damaged status | Home library | Current library | Shelving location | Date acquired | Source of acquisition | Total Checkouts | Full call number | Barcode | Date last seen | Price effective from | Koha item type |
|---|---|---|---|---|---|---|---|---|---|---|---|---|---|
| Munich Library | Munich Library | Reference Section | 01/07/2004 | REF 581 F23 2003 | M3474 | 04/14/2014 | 04/14/2014 | Books |